000 01312nam a22002297a 4500
003 NALT
005 20251125232927.0
008 s2550 th o thaeng
040 _aNALT
041 _athaeng
086 _aสภ 06 3.2 324.1 2511
110 2 _aสำนักงานเลขาธิการรัฐสภา.
_926226
_bกองวิเทศสัมพันธ์
245 1 0 _aองค์การสหภาพรัฐสภา องค์การสหภาพสมาชิกรัฐสภาเอเซีย พ.ศ. 2511 /
_cกองวิเทศสัมพันธ์ สำนักงานเลขาธิการรัฐสภา.
260 _aกรุงเทพฯ :
_bกองวิเทศสัมพันธ์ สำนักงานเลขาธิการรัฐสภา,
_c2511.
300 _a117 หน้า ;
_c25 ซม.
610 2 4 _aองค์การระหว่างประเทศ
_949977
_xการประชุม
610 2 4 _aองค์การสหภาพรัฐสภา
_949983
_xการประชุม
850 _aNALT
856 4 0 _uhttps://hdl.handle.net/20.500.14156/463136
942 _cGOV
_2local
998 _cDAO
_j1020
_k จำเรียง ระวังสำโรง
999 _c36451
_d36451